Datum a čas kvízu
28.5
Celkem bodů
Celkový počet nahraných bodů na tomto kvízu bez doplňovacích otázek.
9.
Pořadí na kvízu
Konečné umístění týmu na tomto kvízu.
Zaznamenané odpovědi
| # | Otázka | Odpověď | Body | Výsledky |
|---|---|---|---|---|
| 1. | Senát nominoval rekordních 125... | Jan Kubiš, Adolf Opálka | 0.5 | |
| 2. | Předsednictví v Radě Evropské... | Maďarsko | 0 | |
| 3. | V úterý měla na letní scéně pr... | Miloš Forman | 1 | |
| 4. | Do mobilní aplikace Portál obč... | DROZD | 0 | |
| 5. | Naše talentovaná 24letá reprez... | plavání | 1 | |
| 11. | Jak se nazývá specializované o... | A | 1 | |
| 12. | Jak se jmenuje ovoce na obrázk... | papája | 1 | |
| 13. | Nyní nás bude zajímat čínský a... | kiwi | 0 | |
| 14. | Vypište z následující řady dva... | jackfruit, rambutan | 0.5 | |
| 15. | Níže jsou názvy tří odrůd jabl... | C | 1 |